000 00785nam a2200253 4500
003 OSt
005 20260601170954.0
008 260422b1978\\\\xxua||||\||||\00|\0\eng\d
020 _a0823073556
040 _aICI
_bspa
_cICI
050 _aNK1535.P39
_bL58
245 0 _aLiving by design /
_cThe partners of pentagram, theo crosby... y otros.! ; editor Peter gorb
264 _bLund humphries,
_c1978
_aLondon :
300 _a300 páginas
_c21cm.
336 _atexto
_2rdacontent
337 _asin medio
_2rdamedia
338 _avolumen
_2rdacarrier
500 _aBibliografía Tesis UIA DI M Alvarez F
610 _aPentagram Design Partnership
650 0 _aDiseño
_xHistoria
_ySiglo XX
_zGran Bretaña
700 _aCrosby, Theo
710 _aPentagram Design
942 _2lcc
_cB
999 _c19744
_d19744